Estrategias no tradicionales de inclusión laboral de jóvenes en el dominio de la contabilidad social (Registro nro. 27458)

Detalles MARC
000 -LEADER
fixed length control field 00445 a2200109 4500
001 - CONTROL NUMBER
control field ART_23454
005 - DATE AND TIME OF LATEST TRANSACTION
control field 20260410161918.0
008 - FIXED-LENGTH DATA ELEMENTS--GENERAL INFORMATION
fixed length control field 260409a
100 1# - MAIN ENTRY--PERSONAL NAME
Personal name Piacquadío, Cecilia
245 10 - TITLE STATEMENT
Title Estrategias no tradicionales de inclusión laboral de jóvenes en el dominio de la contabilidad social
773 0# - HOST ITEM ENTRY
Title Documentos de trabajo de contabilidad, auditoría y responsabilidad social
Related parts - Año 3, Nº 5 (jun. 2013)
Record control number REV14385

No hay ítems disponibles.